000 00316nam a22001217a 4500
008 170216b xxu||||| |||| 00| 0 eng d
050 _aJA1.P63(1994 Vol.42)
245 _aPolitical Studies. /
260 _aOxford:
_bBlackwell,
_c1994.
300 _a707p. ,233p.:
_c24cm.
700 _aMicheal Moran.
942 _2lcc
_cBK
999 _c6286
_d13786